| 000 | 01909nam0a2200289 4500 | ||
|---|---|---|---|
| 001 | v19\rc\1262702 | ||
| 005 | 20260405130528.0 | ||
| 035 | _a(NLR Aleph) 004416608 | ||
| 090 |
_a4079657 _c4079657 |
||
| 100 | _a20060306d1893 |||y0rusy50 ca | ||
| 101 | 0 | _arus | |
| 102 | _aRU | ||
| 105 | _ay z ||||| | ||
| 200 | 1 |
_aЗначение бедствий и несчастий нынешняго века _e(из поучений протоиерея В. Нордова) |
|
| 210 |
_a[Москва] _cТипо-Литография И. Ефимова _dценз. 1893 |
||
| 215 |
_a4 с. _d22 |
||
| 225 | 1 |
_aБлагословение Обители Св. Пантелеимона _v№ 219 |
|
| 309 | _aБез тит. л. и обл. | ||
| 316 |
_aЭкз. РНБ входит в конволют. Приплетено к.: О духовном значении и силе священническаго благословения : (из слов Высокопреосвященнейшаго Сергия, Архиепископа Херсонскаго и Одесскаго) . Москва : Типо-Литография И. Ефимова , ценз. 1893 _5NLR |
||
| 482 | 0 |
_1001v19\rc\1263649 _95229905 _cМосква _dценз. 1893 _nТипо-Литография И. Ефимова _o(из слов Высокопреосвященнейшаго Сергия, Архиепископа Херсонскаго и Одесскаго) _p4 с. _tО духовном значении и силе священническаго благословения |
|
| 518 | 1 | _aЗначение бедствий и несчастий нынешнего века | |
| 700 | 1 |
_7ca _8rus _aНордов _bВ. И. _f1797-1883 _gВасилий Иванович _934579 _3RU\NLR\AUTH\7751646 |
|
| 852 |
_aNLR _j18.257.1.77(199) |
||
| 942 | _cBOOK | ||
| 980 | _aNB | ||